000 00295nam a2200121Ia 4500
008 220204s9999 xx 000 0 und d
082 _a330.567.22
_bHIR
100 _aHIRST, I R C
245 0 _aConsumer society
260 _aLondon
_bTavistock
_c1977
700 _aREEKIE, Duncan W
942 _cBK
999 _c27979
_d27979